000 00670nam a2200241Ia 4500
008 160819s9999 xx 000 0 und d
020 _a978-1-84476-317-7
050 _aCUL TX 819
050 _b.G3J65 2006
100 _aJollands, Beverley
245 _aGarlic in the kitchen :
245 _bexplore the unique taste of a classic ingredient in 35 tempting recipes /
245 _cBeverley Jollands.
260 _aUnited Kingdom :
260 _bAnness Publishing Ltd,
260 _c2006
300 _a64 pages :
300 _bcolor illustrations ;
300 _c20 cm.
500 _aIncludes index.
650 _aGarlic.
650 _xCooking (Garlic).
999 _c300746
_d300746